|
|
|
|
| LEADER |
01274nam a2200337 a 4500 |
| 001 |
35879 |
| 003 |
BD-DhAAL |
| 005 |
20211205125415.0 |
| 008 |
191212t2002 nju 001 0 eng d |
| 999 |
|
|
|c 42046
|d 42046
|
| 010 |
|
|
|a 96045503
|
| 020 |
|
|
|a 0130163147
|
| 020 |
|
|
|a 0131021796
|
| 040 |
|
|
|a DLC
|c DLC
|d DLC
|d BD-DhAAL
|
| 050 |
0 |
0 |
|a PE1441
|b .M67 1998
|
| 082 |
0 |
0 |
|a 808.042
|2 21
|
| 100 |
|
|
|a Flachmann, Kim
|9 38319
|
| 245 |
0 |
0 |
|a Mosaics, focusing on sentences in context /
|c Kim Flachmann
|
| 246 |
3 |
0 |
|a Focusing on sentences in context
|
| 260 |
|
|
|a Upper Saddle River, NJ :
|b Prentice Hall,
|c c2002
|
| 300 |
|
|
|a xxv, 687 pages ;
|c 23 cm.
|
| 490 |
1 |
|
|a Mosaics
|
| 500 |
|
|
|a Includes index.
|
| 526 |
|
|
|a BIED
|
| 541 |
|
|
|a Complimentary copy from BIED
|e 35879
|
| 650 |
|
0 |
|a English language
|x Sentences
|x Problems, exercises, etc.
|9 38320
|
| 650 |
|
0 |
|a English language
|x Rhetoric
|x Problems, exercises, etc.
|9 38321
|
| 830 |
|
0 |
|a Mosaics (Upper Saddle River, N.J.)
|9 38322
|
| 852 |
|
|
|a Ayesha Abed Library
|c BIED Collection
|
| 942 |
|
|
|2 ddc
|c BK
|
| 952 |
|
|
|0 0
|1 0
|2 ddc
|4 0
|6 808_042000000000000_FLA
|7 0
|9 67449
|a BRACUL
|b BRACUL
|c GEN
|d 2019-12-12
|e Complimentary copy from BIED
|l 0
|o 808.042 FLA
|p 3010035879
|r 2019-12-12
|t 1
|w 2019-12-12
|y BK
|x Transferred from BIED to General Stacks
|